| 000 | 00844 a2200265 4500 | ||
|---|---|---|---|
| 001 | 200002319 | ||
| 003 | TR-AnTOB | ||
| 005 | 20240925161506.0 | ||
| 008 | 101022b tu 000 0 | ||
| 020 | _a9789751947963 | ||
| 040 |
_aTR-AnTOB _beng _cTR-AnTOB _erda |
||
| 041 | 0 | _atur | |
| 050 | 1 | 4 |
_aHC495 _b.Y65 2009 |
| 090 | _aHC495 .Y65 2009 | ||
| 100 | 1 |
_aOdabaşı, Ferhat _971353 |
|
| 245 | 0 | 0 |
_aYoksullukla mücadelede istihdamın rolü / _ced. ; Ferhat Odabaşı. |
| 264 | 1 |
_aAnkara : _bBaşbakanlık Sosyal Yardımlaşma ve Dayanışma Genel Müdürlüğü, _c2009. |
|
| 300 |
_a70 s. ; _btabl. ; _c24 cm. |
||
| 502 | _aSosyal Yardım Uzmanlık Tezi. | ||
| 650 | 7 |
_aYoksulluk _xÖnleme _2etuturkob _947946 |
|
| 650 | 7 |
_aİstihdam (Ekonomi teorisi) _zTürkiye _2etuturkob _945406 |
|
| 700 | 1 |
_aSeven, Huriye _971345 |
|
| 942 |
_cBK _2lcc |
||
| 999 |
_c200002319 _d28793 |
||